Search the Library Catalogue
| 000 -LEADER | |
|---|---|
| fixed length control field | 01060nam a2200181 4500 |
| 008 - FIXED-LENGTH DATA ELEMENTS--GENERAL INFORMATION | |
| fixed length control field | 260327b |||||||| |||| 00| 0 eng d |
| 020 ## - INTERNATIONAL STANDARD BOOK NUMBER | |
| ISBN | 978-0521587051 |
| Paper back/Hardbound | pbk |
| 082 ## - DEWEY DECIMAL CLASSIFICATION NUMBER | |
| Classification number | 302.224 |
| Item number | BRO |
| 100 ## - MAIN ENTRY--AUTHOR NAME | |
| Personal name | Brown, Gillian |
| 245 ## - TITLE STATEMENT | |
| Title | Speakers, Listeners and Communication: Explorations in Discourse Analysis |
| Statement of responsibility, etc | / Gillian Brown |
| 260 ## - PUBLICATION, DISTRIBUTION, ETC. (IMPRINT) | |
| Place of publication | INDIA |
| Name of publisher | Cambridge Univ Pr |
| Year of publication | 2007 |
| 300 ## - PHYSICAL DESCRIPTION | |
| Number of Pages | 268p. |
| 500 ## - GENERAL NOTE | |
| General note | Gillian Brown draws on a wide range of examples of discourse analysis to explore the ways in which speakers and listeners use language collaboratively to talk about what they can see in front of them and about a series of events. The focus of her attention is on the listener's role, as the listener tries to make sense of what the speaker says in a highly constrained context; and her cognitive/pragmatic approach to discourse analysis both complements and challenges current sociological/anthropological perspectives on the subject. |
| 504 ## - BIBLIOGRAPHY, ETC. NOTE | |
| Bibliography, etc | Includes index |
| 650 ## - SUBJECT ADDED ENTRY--TOPICAL TERM | |
| Topical Term | Speakers, Listeners and Communication |
| 942 ## - ADDED ENTRY ELEMENTS (KOHA) | |
| Koha item type | Reference |
| Withdrawn status | Lost status | Damaged status | Not for loan | Home library | Current library | Shelving location | Date acquired | Full call number | Accession Number | Price effective from | Koha item type |
|---|---|---|---|---|---|---|---|---|---|---|---|
| Anna Centenary Library | Anna Centenary Library | 3RD FLOOR, B WING | 23.08.2010 | 302.224 BRO | 237307 | 27.03.2026 | Reference |